000 00423nam a2200181Ia 4500
008 230524s9999 xx 000 0 und d
020 _a9781259062896
082 _a621.31
_bNAI
100 _aM S Naidu
245 0 _aHigh-Voltage Engineering
250 _a5
260 _aChennai
_bMGH
_c2013
300 _a"xiv,468p;"
500 _aQuantity Number: 2
650 _aElectrical
700 _aV Kamaraju
942 _cBK
999 _c60058
_d60058